| 000 | 00422 a2200133 4500 | ||
|---|---|---|---|
| 001 | 91425 | ||
| 082 | _aPR 1323 | ||
| 090 |
_c43557 _d43556 |
||
| 100 | _aAMjad Sultan; Prof Manzar Abbas and Mudassir Khalid (Advisors) | ||
| 245 |
_aDevelopment of Fault Diagnostic Algorithm to Estimate Deterioration in Aircraft Engine _n72 "B" EC |
||
| 260 |
_aRawalpindi _bNUST _c2012 |
||
| 300 | _aix, 75p | ||
| 500 | _aBE Project Reports | ||
| 942 |
_aCAE NUST _kPR 1323 |
||
| 999 |
_c326498 _d326498 |
||